000 00291nam a2200109Ia 4500
008 200302s9999 xx 000 0 und d
100 _aRichard M. Pearl
245 _a1001 Questions Answered A Bout the Mineral Kingdom
260 _bDover Publications Inc.
260 _c1968
300 _a326 P.,
999 _c1345
_d1345